000 00690nam a2200205 a 4500
001 000024029
005 20200930022645.0
008 110118s1987 xxu 000 0 spa d
020 _a0933543093
040 _aDO-SdBNP
_bspaara
_cBNPHU
082 _ann*
_bnn*
245 0 3 _aEl corán =لقرآن الكريمz /
_cEdición de Julio Cortes ; introducción Sayed A. A. Razwy.
260 _aNew York :
_bAKZ Publications,
_c1987.
300 _a634, xxviii p. ;
_c25 cm.
500 _aIncluye índice analítico.
500 _aTexto a dos columnas en los idiomas arabe y español.
700 1 _aRazwy, Sayed A. A.,
_eintrod.
_949372
700 1 _aCortes, Julio,
_eed.
_949373
049 _aBNGR
999 _c23524
_d23524